Time-saver standards for landscape architecture : (Record no. 550701)
[ view plain ]
| 000 -LEADER | |
|---|---|
| fixed length control field | 00931pam a2200193 a 4500 |
| 020 ## - INTERNATIONAL STANDARD BOOK NUMBER | |
| International Standard Book Number | 0070267251 |
| 082 00 - DEWEY DECIMAL CLASSIFICATION NUMBER | |
| Classification number | 712/.0218 |
| Author Mark | TIM |
| -- | L-39, P-182 |
| 245 00 - TITLE STATEMENT | |
| Title | Time-saver standards for landscape architecture : |
| Remainder of title | design and construction data / |
| Statement of responsibility, etc. | coeditors, Charles W. Harris, Nicholas T. Dines ; assistant editor, Gary M. Fishbeck ; consulting editor, Albert Fein ; with a foreword by Hideo Sasaki. |
| 260 ## - PUBLICATION, DISTRIBUTION, ETC. | |
| Place of publication, distribution, etc. | New York : |
| Name of publisher, distributor, etc. | McGraw-Hill, |
| Date of publication, distribution, etc. | c1988. |
| 300 ## - PHYSICAL DESCRIPTION | |
| Extent | 1 v. (various pagings) : |
| Other physical details | ill. ; |
| Dimensions | 29 cm. |
| 526 ## - STUDY PROGRAM INFORMATION NOTE | |
| Program name | 0 |
| Interest level | 0 |
| Reading level | 0 |
| Title point value | 712_021800000000000_TIM |
| 650 #0 - SUBJECT ADDED ENTRY--TOPICAL TERM | |
| Topical term or geographic name entry element | Building |
| General subdivision | Handbooks, manuals, etc. |
| 650 #0 - SUBJECT ADDED ENTRY--TOPICAL TERM | |
| Topical term or geographic name entry element | Construction industry |
| General subdivision | Standards |
| -- | Handbooks, manuals, etc. |
| 9 (RLIN) | 31729 |
| 650 #0 - SUBJECT ADDED ENTRY--TOPICAL TERM | |
| Topical term or geographic name entry element | Landscape architecture |
| General subdivision | Handbooks, manuals, etc. |
| 9 (RLIN) | 31730 |
| 650 #0 - SUBJECT ADDED ENTRY--TOPICAL TERM | |
| Topical term or geographic name entry element | Landscape architecture |
| General subdivision | Standards |
| -- | Handbooks, manuals, etc. |
| 9 (RLIN) | 31728 |
| 700 1# - ADDED ENTRY--PERSONAL NAME | |
| Personal name | Dines, Nicholas T. |
| 9 (RLIN) | 31733 |
| 700 1# - ADDED ENTRY--PERSONAL NAME | |
| Personal name | Harris, Charles W. |
| 9 (RLIN) | 31732 |
| 942 ## - ADDED ENTRY ELEMENTS (KOHA) | |
| Source of classification or shelving scheme | |
| Koha item type | Book |
| Withdrawn status | Lost status | Source of classification or shelving scheme | Damaged status | Not for loan | Permanent Location | Current Location | Date acquired | Total Checkouts | Full call number | Barcode | Date last seen | Price effective from | Koha item type |
|---|---|---|---|---|---|---|---|---|---|---|---|---|---|
| Military College of Engineering (MCE) | Military College of Engineering (MCE) | 11/19/2014 | 712/.0218 TIM | MCE-43447 | 11/19/2014 | 11/19/2014 | Book |
